000 00297nam a22001337a 4500
008 170210b xxu||||| |||| 00| 0 eng d
020 _a9780199767243
041 _aeng
080 _a61
100 _a4
101 _aSHM
245 _aTAKING ACTION, SAVING LIVES
_cFRECHETTE, K.S
942 _2udc
_cBK
999 _c5146
_d5146